Flughafencodes #5 - Statistiken

Allgemein
  • Dieses Quiz wurde 64 mal gespielt
  • Das Durchschnittsergebnis liegt bei 14 aus 15
Antwortstatistiken
Hint Antwort % Korrekt
Beirut BEY
98%
Dublin DUB
98%
Hamburg HAM
98%
Mexiko Stadt MEX
98%
Singapur SIN
98%
Budapest BUD
96%
Kopenhagen CPH
96%
Fort Lauderdale FLL
96%
Fukuoka FUK
96%
Nürnberg NUE
96%
Kairo CAI
95%
London Stansted STN
93%
Kapstadt CPT
89%
Tokio HND
68%
Houston IAH
53%
Keine übereinstimmenden Quizze gefunden
Verteilung der Resultate
Anzahl Personen mit jedem Resultat
Perzentil nach korrekt beantworteten Fragen
Ihre Resultats-Entwicklung
Sie haben dieses Quiz noch nicht gespielt